[Event "Cto Equipos Aragon 2013 Preferente II"]
[Site "Aragon"]
[Date "2013.02.16"]
[Round "4.70"]
[White "Carrasquer Munoz, Alberto"]
[Black "Sanz Lopez, Ruben"]
[Result "0-1"]
[WhiteElo "1844"]
[BlackElo "1932"]
[PlyCount "112"]
[EventDate "2013.??.??"]
[EventType "tourn"]
[EventRounds "9"]
[EventCountry "ESP"]
[WhiteTeam "Ibercaja C"]
[BlackTeam "ONCE C.A. Aragon B"]

1. e4 c5 2. Nf3 Nc6 3. d4 cxd4 4. Nxd4 g6 5. Nxc6 bxc6 6. Qd4 Nf6 7. e5 Nd5 8.
c4 Qb6 9. Qe4 Nc7 10. Nd2 Bg7 11. Nb3 Ne6 12. Be3 Qb4+ 13. Bd2 Qb8 14. f4 Bb7
15. c5 a5 16. Bxa5 Nxc5 17. Nxc5 Rxa5 18. Qb4 Ra7 19. Ba6 O-O 20. Nxd7 Qc7 21.
Nxf8 Bxa6 22. Ne6 fxe6 23. O-O-O Bb7 24. Qd2 c5 25. Qd8+ Qxd8 26. Rxd8+ Kf7 27.
Rd7 Rxa2 28. Kb1 Ra7 29. Rhd1 Be4+ 30. Kc1 Rxd7 31. Rxd7 c4 32. g3 g5 33. Rd4
Bd5 34. h4 gxh4 35. gxh4 Kg6 36. Kd2 Kh5 37. Ke2 Kg4 38. Kf2 Bh6 39. Rd1 Bxf4
40. Rg1+ Kf5 41. Rg7 h6 42. Rxe7 Kxe5 43. Rg7 Bc1 44. Rg6 Be4 45. Rg1 Bxb2 46.
Re1 Bd4+ 47. Kg3 c3 48. Kg4 c2 49. Kh5 Kd5 50. Kxh6 Be3+ 51. Kg7 c1=Q 52. Rxc1
Bxc1 53. h5 Bg5 54. h6 Kd4 55. h7 Bxh7 56. Kxh7 e5 0-1

[Event "Cto Equipos Aragon 2013 Preferente II"]
[Site "Aragon"]
[Date "2013.02.16"]
[Round "4.71"]
[White "Landa Garriga, Francisco Javier"]
[Black "Orriach Gonzalez, Juan Manuel"]
[Result "1/2-1/2"]
[WhiteElo "1900"]
[BlackElo "1782"]
[PlyCount "77"]
[EventDate "2013.??.??"]
[EventType "tourn"]
[EventRounds "9"]
[EventCountry "ESP"]
[WhiteTeam "ONCE C.A. Aragon B"]
[BlackTeam "Ibercaja C"]

1. e4 e6 2. d4 d5 3. e5 c5 4. c3 Nc6 5. Nf3 Qb6 6. a3 Bd7 7. b4 cxd4 8. cxd4
Nge7 9. Nc3 Rc8 10. Na4 Qc7 11. Bb2 a6 12. Rc1 h5 13. Bd3 g6 14. Nc5 Bh6 15.
Rc2 Nf5 16. O-O O-O 17. h3 Ra8 18. g4 hxg4 19. hxg4 Nfe7 20. Bc1 Bg7 21. Bg5 f6
22. exf6 Bxf6 23. Be3 e5 24. dxe5 Bxe5 25. Nxe5 Nxe5 26. f3 N7c6 27. Bxg6 d4
28. Nxd7 Qxd7 29. Bf5 Rxf5 30. gxf5 dxe3 31. Rg2+ Kf7 32. Qb3+ Kf6 33. Rd1
Nxf3+ 34. Kf1 Nd2+ 35. Rdxd2 exd2 36. Rg6+ Kxf5 37. Qh3+ Kxg6 38. Qxd7 Rd8 39.
Qe6+ 1/2-1/2

[Event "Cto Equipos Aragon 2013 Preferente II"]
[Site "Aragon"]
[Date "2013.02.16"]
[Round "4.72"]
[White "Hernandez Montoro, Irene"]
[Black "Gimeno Diaz, Fernando"]
[Result "0-1"]
[WhiteElo "1579"]
[BlackElo "1891"]
[PlyCount "108"]
[EventDate "2013.??.??"]
[EventType "tourn"]
[EventRounds "9"]
[EventCountry "ESP"]
[WhiteTeam "Ibercaja C"]
[BlackTeam "ONCE C.A. Aragon B"]

1. d4 Nf6 2. Nf3 g6 3. Bg5 Bg7 4. c4 Ne4 5. Bf4 d6 6. Nc3 Nxc3 7. bxc3 O-O 8.
e4 c5 9. Qd2 cxd4 10. cxd4 Nc6 11. Bh6 Bxh6 12. Qxh6 Qa5+ 13. Qd2 Qxd2+ 14.
Kxd2 Bg4 15. d5 Bxf3 16. gxf3 Ne5 17. f4 Nd7 18. Rc1 Rac8 19. Bh3 Rfd8 20. Rc2
Rc5 21. Rb1 b6 22. Rb4 Nf6 23. Ke3 Re8 24. e5 Nxd5+ 25. cxd5 Rxc2 26. Bd7 Rd8
27. e6 Rxa2 28. exf7+ Kxf7 29. Be6+ Kg7 30. f5 Ra3+ 31. Ke2 gxf5 32. Bxf5 Rf8
33. Rg4+ Kh8 34. Rg5 Rc3 35. Rh5 Rf7 36. Be6 Rf6 37. Rg5 h6 38. Rg8+ Kh7 39.
Re8 Rc7 40. Ke3 b5 41. f4 b4 42. f5 b3 43. Rb8 Rc3+ 44. Kd4 Rh3 45. Rb7 h5 46.
Rxe7+ Kh6 47. Rxa7 b2 48. Rb7 Rxh2 49. Kc3 h4 50. Kd3 h3 51. Ke3 Rf8 52. Kf3
Rc2 53. Kg4 h2 54. Rb3 Rg2+ 0-1

[Event "Cto Equipos Aragon 2013 Div. Honor I"]
[Site "Aragon"]
[Date "2013.02.23"]
[Round "5.1"]
[White "Hefty Hilardo, Jorge Walter"]
[Black "Gil Capape, Marco Antonio"]
[Result "1-0"]
[WhiteElo "2323"]
[BlackElo "2084"]
[PlyCount "75"]
[EventDate "2013.??.??"]
[EventType "tourn"]
[EventRounds "7"]
[EventCountry "ESP"]
[WhiteTeam "Ibercaja B"]
[BlackTeam "Caissa - Hnos. Cortes"]

1. e4 e6 2. Nf3 d5 3. Nc3 Bb4 4. a3 Be7 5. d4 dxe4 6. Nxe4 b6 7. Bb5+ c6 8. Bd3
Ba6 9. c4 Nd7 10. Bf4 Ndf6 11. Qa4 Bb7 12. O-O-O a6 13. Ne5 b5 14. Qb3 Nxe4 15.
Bxe4 Rc8 16. Qg3 g5 17. Be3 Nf6 18. Qf3 g4 19. Qf4 bxc4 20. h3 Rg8 21. hxg4 Rg7
22. Nxc4 Rxg4 23. Qf3 Rxe4 24. Rxh7 Rg4 25. Ne5 Qd5 26. Rh8+ Rg8 27. Rxg8+ Nxg8
28. Qxf7+ Kd8 29. Qxg8+ Kc7 30. Qf7 Kb8 31. Qxe7 c5 32. Nd7+ Ka7 33. Nxc5 Qb3
34. Rd3 Qc4+ 35. Rc3 Qf1+ 36. Kd2 Rb8 37. Rb3 Qxg2 38. Rxb7+ 1-0

[Event "Cto Equipos Aragon 2013 Div. Honor I"]
[Site "Aragon"]
[Date "2013.02.23"]
[Round "5.2"]
[White "Carraminana Lopez, Luis Antonio"]
[Black "Martinez Cebolla, Alberto"]
[Result "1/2-1/2"]
[WhiteElo "1998"]
[BlackElo "2053"]
[PlyCount "55"]
[EventDate "2013.??.??"]
[EventType "tourn"]
[EventRounds "7"]
[EventCountry "ESP"]
[WhiteTeam "Caissa - Hnos. Cortes"]
[BlackTeam "Ibercaja B"]

1. e4 c5 2. Nf3 e6 3. d3 d5 4. Qe2 d4 5. e5 Nc6 6. g3 Nge7 7. Bg2 Nd5 8. O-O
Be7 9. c4 dxc3 10. bxc3 O-O 11. c4 Nb6 12. Nc3 Nd7 13. Bb2 a6 14. Rad1 Qc7 15.
Rfe1 b6 16. Ne4 Bb7 17. d4 cxd4 18. Nd6 Nc5 19. Nxd4 Nxd4 20. Rxd4 Bxg2 21.
Kxg2 Rab8 22. Qg4 f5 23. Qd1 Qc6+ 24. Qf3 Qa4 25. Qa3 Qc6+ 26. Qf3 Qa4 27. Qa3
Qc6+ 28. Qf3 1/2-1/2

[Event "Cto Equipos Aragon 2013 Div. Honor I"]
[Site "Aragon"]
[Date "2013.02.23"]
[Round "5.3"]
[White "Garcia Monterde, Francisco Jose"]
[Black "Vasilev, Vas"]
[Result "0-1"]
[WhiteElo "2036"]
[BlackElo "1942"]
[PlyCount "72"]
[EventDate "2013.??.??"]
[EventType "tourn"]
[EventRounds "7"]
[EventCountry "ESP"]
[WhiteTeam "Ibercaja B"]
[BlackTeam "Caissa - Hnos. Cortes"]

1. c4 g5 2. g3 Bg7 3. Bg2 d6 4. Nc3 Nc6 5. e3 e5 6. Nge2 f5 7. Nd5 Nf6 8. Nec3
O-O 9. Nxf6+ Rxf6 10. Nd5 Rh6 11. d3 e4 12. dxe4 Ne5 13. Qc2 c6 14. Nc3 Qa5 15.
Bd2 Nxc4 16. Nd5 Qxd2+ 17. Qxd2 Nxd2 18. Nc7 Nxe4 19. Nxa8 Bxb2 20. Rb1 Bc3+
21. Ke2 Ba5 22. Bxe4 fxe4 23. f3 exf3+ 24. Kxf3 Rf6+ 25. Ke2 d5 26. h3 b5 27.
a4 b4 28. Rbc1 Ba6+ 29. Kd1 Bc4 30. Rb1 b3 31. h4 g4 32. h5 h6 33. Kc1 Rf2 34.
Rh4 Bc3 35. Rxg4+ Kh7 36. Rf4 Rc2+ 0-1

[Event "Cto Equipos Aragon 2013 Div. Honor I"]
[Site "Aragon"]
[Date "2013.02.23"]
[Round "5.4"]
[White "Galvez Perez, Jose Luis"]
[Black "Dimitrov Uzunov, Nedko"]
[Result "0-1"]
[WhiteElo "1925"]
[BlackElo "1896"]
[PlyCount "84"]
[EventDate "2013.??.??"]
[EventType "tourn"]
[EventRounds "7"]
[EventCountry "ESP"]
[WhiteTeam "Caissa - Hnos. Cortes"]
[BlackTeam "Ibercaja B"]

1. f4 d5 2. Nf3 Nf6 3. e3 Nbd7 4. Be2 e6 5. b3 Be7 6. Bb2 c6 7. O-O O-O 8. Qe1
Ne4 9. d3 Nd6 10. Nbd2 Qb6 11. Qf2 Nf5 12. d4 Nf6 13. Ne5 Nd6 14. Bd3 Nfe4 15.
Nxe4 dxe4 16. Nc4 Nxc4 17. Bxc4 Qc7 18. Rfd1 b5 19. Bf1 a5 20. c4 b4 21. Rac1
c5 22. d5 Bd6 23. Qg3 f6 24. dxe6 Bxe6 25. Rd2 Rad8 26. Rcd1 Be7 27. Qf2 Rxd2
28. Rxd2 Rd8 29. f5 Bc8 30. g3 Bb7 31. Bg2 Rd7 32. Kf1 Qd8 33. Ke1 Kf7 34. Qe2
Kf8 35. Qd1 Rxd2 36. Qxd2 Qc7 37. Qc2 Qc6 38. Ke2 Kf7 39. a3 g6 40. axb4 axb4
41. g4 Qd6 42. h3 Qd3+ 0-1

[Event "Cto Equipos Aragon 2013 Div. Honor I"]
[Site "Aragon"]
[Date "2013.02.23"]
[Round "5.5"]
[White "Cifuentes Parada, Roberto"]
[Black "Salamero Pelay, Fernando"]
[Result "1-0"]
[WhiteElo "2473"]
[BlackElo "2140"]
[PlyCount "57"]
[EventDate "2013.??.??"]
[EventType "tourn"]
[EventRounds "7"]
[EventCountry "ESP"]
[WhiteTeam "Casino Jaque"]
[BlackTeam "Club Atletismo Huesca"]

1. d4 e6 2. Nf3 f5 3. d5 d6 4. dxe6 Bxe6 5. Ng5 Qd7 6. Qd3 Nc6 7. Qe3 Nd8 8.
Nxe6 Nxe6 9. g3 d5 10. Bh3 g6 11. O-O Nf6 12. c4 Bc5 13. Qd3 h5 14. cxd5 Qxd5
15. Qxd5 Nxd5 16. e4 Nb4 17. Nc3 h4 18. Kg2 Nc2 19. Rb1 Ncd4 20. b4 Bd6 21.
exf5 gxf5 22. Be3 f4 23. gxf4 Bxf4 24. Bxd4 Nxd4 25. Rbe1+ Kf8 26. Re4 Rg8+ 27.
Kh1 Bd2 28. Nb1 Nf3 29. Nxd2 1-0

[Event "Cto Equipos Aragon 2013 Div. Honor I"]
[Site "Aragon"]
[Date "2013.02.23"]
[Round "5.6"]
[White "Luis Vitalla, Fernando Maria"]
[Black "Accattato Martin, Mario"]
[Result "0-1"]
[WhiteElo "2152"]
[BlackElo "2174"]
[PlyCount "46"]
[EventDate "2013.??.??"]
[EventType "tourn"]
[EventRounds "7"]
[EventCountry "ESP"]
[WhiteTeam "Club Atletismo Huesca"]
[BlackTeam "Casino Jaque"]

1. d4 d6 2. c4 e5 3. Nf3 Nd7 4. Nc3 Ngf6 5. Bg5 Be7 6. Qc2 c6 7. e3 a6 8. Bd3
h6 9. Bh4 O-O 10. O-O Nh5 11. Bxe7 Qxe7 12. b4 b5 13. Be4 Bb7 14. d5 c5 15.
bxc5 Nxc5 16. cxb5 axb5 17. Nxb5 Qd7 18. Bd3 e4 19. Ne5 dxe5 20. Be2 Nd3 21.
Nc3 Nf6 22. Bxd3 exd3 23. Qxd3 Ba6 0-1

[Event "Cto Equipos Aragon 2013 Div. Honor I"]
[Site "Aragon"]
[Date "2013.02.23"]
[Round "5.7"]
[White "Gonzalez Gambau, Jorge"]
[Black "Bellosta Lopez, Pablo"]
[Result "1-0"]
[WhiteElo "2118"]
[BlackElo "2072"]
[PlyCount "73"]
[EventDate "2013.??.??"]
[EventType "tourn"]
[EventRounds "7"]
[EventCountry "ESP"]
[WhiteTeam "Casino Jaque"]
[BlackTeam "Club Atletismo Huesca"]

1. e4 c5 2. Nc3 d6 3. g3 g6 4. Bg2 Bg7 5. d3 Nc6 6. Be3 Rb8 7. Qd2 Nd4 8. Nd1
e5 9. c3 Ne6 10. Ne2 Ne7 11. Bh6 Bxh6 12. Qxh6 Qb6 13. O-O f5 14. Kh1 Bd7 15.
f4 exf4 16. Nxf4 Nxf4 17. Rxf4 Bc6 18. b3 Qa6 19. Nf2 Kd7 20. d4 cxd4 21. cxd4
Qe2 22. d5 Bb5 23. Bf1 Qxf1+ 24. Rxf1 Bxf1 25. exf5 gxf5 26. Qe6+ Ke8 27. Rxf5
Rf8 28. Rg5 Rc8 29. Rg7 Rc7 30. Qxd6 Rd7 31. Qb8+ Rd8 32. Qe5 Rf7 33. Rg8+ Rf8
34. d6 Rd7 35. Rxf8+ Kxf8 36. dxe7+ Rxe7 37. Qh8+ 1-0

[Event "Cto Equipos Aragon 2013 Div. Honor I"]
[Site "Aragon"]
[Date "2013.02.23"]
[Round "5.8"]
[White "Gella Lopez, Angel"]
[Black "Abos Rosico, Antonio"]
[Result "1/2-1/2"]
[WhiteElo "2092"]
[BlackElo "2064"]
[PlyCount "52"]
[EventDate "2013.??.??"]
[EventType "tourn"]
[EventRounds "7"]
[EventCountry "ESP"]
[WhiteTeam "Club Atletismo Huesca"]
[BlackTeam "Casino Jaque"]

1. d4 Nf6 2. c4 c6 3. Nf3 g6 4. Nc3 d5 5. e3 Bg7 6. Bd3 O-O 7. O-O e6 8. e4
dxe4 9. Nxe4 Nbd7 10. Qe2 Qc7 11. Rd1 b6 12. Bg5 Bb7 13. Rac1 Nxe4 14. Bxe4 c5
15. b3 Rfe8 16. Bxb7 Qxb7 17. Qd2 a6 18. d5 e5 19. Bh6 Rad8 20. Bxg7 Kxg7 21.
Ng5 Nf6 22. Re1 Qd7 23. Rc3 h6 24. Ne4 Nh5 25. Rce3 Qg4 26. Ng3 Nxg3 1/2-1/2

[Event "Cto Equipos Aragon 2013 Div. Honor I"]
[Site "Aragon"]
[Date "2013.02.23"]
[Round "5.9"]
[White "Del Rey, Diego"]
[Black "Gavin Roche, Enrique"]
[Result "1-0"]
[WhiteElo "2383"]
[BlackElo "2249"]
[PlyCount "77"]
[EventDate "2013.??.??"]
[EventType "tourn"]
[EventRounds "7"]
[EventCountry "ESP"]
[WhiteTeam "El Olivar"]
[BlackTeam "ONCE C.A. Aragon"]

1. d4 d5 2. c4 e6 3. Nf3 Nf6 4. g3 Be7 5. Bg2 O-O 6. O-O dxc4 7. Na3 Bxa3 8.
bxa3 Nc6 9. Bb2 Rb8 10. Qc2 b5 11. Rfd1 Bb7 12. Ng5 h6 13. d5 Nd4 14. Bxd4 hxg5
15. Bxa7 exd5 16. Bxb8 Qxb8 17. Rab1 Bc6 18. e4 dxe4 19. a4 b4 20. Qxc4 Bxa4
21. Rdc1 Bd7 22. Rxb4 Qa8 23. a4 c5 24. Qxc5 Rc8 25. Qxg5 Rxc1+ 26. Qxc1 Qa5
27. Qc4 Qe5 28. Qd4 Qc7 29. h3 Qc1+ 30. Kh2 Qc2 31. a5 Qa2 32. Rb8+ Kh7 33. Qe5
e3 34. Qxe3 Qxa5 35. Qd3+ g6 36. Qd4 Kg7 37. Qd6 Be8 38. Qe7 Qa4 39. Qe5 1-0

[Event "Cto Equipos Aragon 2013 Div. Honor I"]
[Site "Aragon"]
[Date "2013.02.23"]
[Round "5.10"]
[White "Campos Hernandez, Antonio"]
[Black "Palacios Latasa, Elias"]
[Result "0-1"]
[WhiteElo "2183"]
[BlackElo "2221"]
[PlyCount "64"]
[EventDate "2013.??.??"]
[EventType "tourn"]
[EventRounds "7"]
[EventCountry "ESP"]
[WhiteTeam "ONCE C.A. Aragon"]
[BlackTeam "El Olivar"]

1. Nf3 Nf6 2. c4 c6 3. d4 d5 4. e3 e6 5. Nc3 Nbd7 6. Qc2 Bd6 7. b3 O-O 8. Bb2
Qe7 9. cxd5 exd5 10. Bd3 Re8 11. g4 Ne4 12. Bxe4 dxe4 13. Nd2 Nf6 14. h3 Bb4
15. a3 Bxc3 16. Qxc3 Nd5 17. Qc2 Qh4 18. Nc4 Bxg4 19. Rh2 Rad8 20. Kd2 Bf3 21.
Rg1 b5 22. Na5 Rc8 23. Qc5 Qd8 24. b4 Qc7 25. Rg3 f5 26. h4 f4 27. Rgh3 Bg4 28.
h5 Bxh3 29. Rxh3 Rf8 30. Ke2 fxe3 31. fxe3 Qf7 32. Qc1 Qf2+ 0-1

[Event "Cto Equipos Aragon 2013 Div. Honor I"]
[Site "Aragon"]
[Date "2013.02.23"]
[Round "5.11"]
[White "Hernando Garcia, Antonio"]
[Black "Laliena Solares, Luis M"]
[Result "1/2-1/2"]
[WhiteElo "2173"]
[BlackElo "2160"]
[PlyCount "66"]
[EventDate "2013.??.??"]
[EventType "tourn"]
[EventRounds "7"]
[EventCountry "ESP"]
[WhiteTeam "El Olivar"]
[BlackTeam "ONCE C.A. Aragon"]

1. c4 e5 2. g3 Nf6 3. Bg2 Nc6 4. Nf3 Bc5 5. O-O d6 6. Nc3 O-O 7. a3 a6 8. b4
Ba7 9. Rb1 Bf5 10. d3 h6 11. a4 Qd7 12. b5 axb5 13. axb5 Nd4 14. Nxd4 Bxd4 15.
Nd5 Nxd5 16. Bxd5 c6 17. bxc6 bxc6 18. Bf3 Ra6 19. Be3 Bh3 20. Re1 Bxe3 21.
fxe3 Qa7 22. d4 f5 23. Ra1 e4 24. Bg2 Bxg2 25. Kxg2 Rb8 26. Rxa6 Qxa6 27. Qc2
Qa3 28. Qc1 Rb2 29. Kf2 Qb3 30. Qa1 Ra2 31. Qb1 Rb2 32. Qa1 Ra2 33. Qb1 Rb2
1/2-1/2

[Event "Cto Equipos Aragon 2013 Div. Honor I"]
[Site "Aragon"]
[Date "2013.02.23"]
[Round "5.12"]
[White "Cobo Garrido, Diego Israel"]
[Black "Melendez Fierro, Juan Bautista"]
[Result "1/2-1/2"]
[WhiteElo "2059"]
[BlackElo "2172"]
[PlyCount "66"]
[EventDate "2013.??.??"]
[EventType "tourn"]
[EventRounds "7"]
[EventCountry "ESP"]
[WhiteTeam "ONCE C.A. Aragon"]
[BlackTeam "El Olivar"]

1. e4 c5 2. Nf3 e6 3. d4 cxd4 4. Nxd4 Nc6 5. Nxc6 bxc6 6. c4 Nf6 7. Bd3 d5 8.
cxd5 cxd5 9. exd5 Qxd5 10. Be2 Qxd1+ 11. Bxd1 Bb4+ 12. Bd2 Rb8 13. Nc3 O-O 14.
O-O Ba6 15. Re1 Bc5 16. Bb3 Rbd8 17. Rad1 h6 18. Bf4 Rd4 19. Be5 Rxd1 20. Rxd1
Bxf2+ 21. Kxf2 Ng4+ 22. Kg3 Nxe5 23. Rd6 Bb7 24. Nb5 a6 25. Nc7 a5 26. Rb6 Bc8
27. Rb5 Nc6 28. Rc5 Nd4 29. Rxa5 Nxb3 30. axb3 Bb7 31. Rb5 Bc6 32. Rc5 Be4 33.
Rc4 Bb7 1/2-1/2

[Event "Cto Equipos Aragon 2013 Div. Honor I"]
[Site "Aragon"]
[Date "2013.02.23"]
[Round "5.14"]
[White "Remiro Juste, Fernando Jose"]
[Black "Glavina Rossi, Pablo"]
[Result "1/2-1/2"]
[WhiteElo "2216"]
[BlackElo "2445"]
[PlyCount "97"]
[EventDate "2013.??.??"]
[EventType "tourn"]
[EventRounds "7"]
[EventCountry "ESP"]
[WhiteTeam "Agrupacion"]
[BlackTeam "St Casablanca"]

1. Nf3 d5 2. g3 Nf6 3. Bg2 c5 4. d3 Nc6 5. O-O g6 6. Nbd2 Bg7 7. e4 O-O 8. Re1
e5 9. exd5 Nxd5 10. Nc4 Re8 11. c3 h6 12. a4 Rb8 13. Qc2 b6 14. h3 a6 15. Ne3
Bb7 16. Ng4 Kh7 17. Qd2 h5 18. Ne3 Nce7 19. Ng5+ Kg8 20. Nc4 Nf5 21. Ne4 Qc7
22. Qe2 Bc6 23. Bg5 f6 24. Bd2 Rbd8 25. a5 b5 26. Ne3 Nfxe3 27. Bxe3 Nxe3 28.
Qxe3 Bxe4 29. Bxe4 f5 30. Bg2 Kh7 31. g4 Bh6 32. Qf3 fxg4 33. hxg4 Rf8 34. Qb7
Qxb7 35. Bxb7 Rf6 36. Rxe5 hxg4 37. Rae1 Bf4 38. Re6 Rd6 39. Rxd6 Rxd6 40. Re4
g5 41. Re7+ Kg6 42. Bc8 Bc1 43. b4 cxb4 44. cxb4 Bd2 45. Ra7 g3 46. Rxa6 gxf2+
47. Kxf2 Rxa6 48. Bxa6 Bxb4 49. Bxb5 1/2-1/2

[Event "Cto Equipos Aragon 2013 Div. Honor I"]
[Site "Aragon"]
[Date "2013.02.23"]
[Round "5.15"]
[White "Lopez Gracia, Fernando"]
[Black "Mimbela Lopez, Miguel Angel"]
[Result "0-1"]
[WhiteElo "2368"]
[BlackElo "2187"]
[PlyCount "86"]
[EventDate "2013.??.??"]
[EventType "tourn"]
[EventRounds "7"]
[EventCountry "ESP"]
[WhiteTeam "St Casablanca"]
[BlackTeam "Agrupacion"]

1. Nf3 f5 2. c4 Nf6 3. g3 e6 4. Bg2 d5 5. O-O c6 6. d3 Be7 7. Nc3 d4 8. Na4 O-O
9. a3 c5 10. b4 cxb4 11. axb4 Bxb4 12. Qb3 Nc6 13. Ba3 Bxa3 14. Rxa3 Rb8 15.
Nd2 Qc7 16. c5 Bd7 17. Nc4 Nd5 18. Nd6 Ncb4 19. Bxd5 Nxd5 20. Nb5 Qe5 21. Nxa7
Qxe2 22. Nb6 Nxb6 23. Qxb6 f4 24. Qd6 fxg3 25. hxg3 Rbd8 26. Qxd4 Qh5 27. Qe3
Rf3 28. Qe4 Rdf8 29. Rc3 Qf7 30. Qe2 e5 31. Rc2 Bg4 32. Qxe5 Rf5 33. Qd4 Bf3
34. Qc4 Bd5 35. Qd4 Rh5 36. f3 Bxf3 37. Rh2 Rxh2 38. Kxh2 Qh5+ 39. Qh4 Qe5 40.
Qc4+ Kh8 41. Qc1 Qh5+ 42. Kg1 Qh3 43. Qd2 Qxg3+ 0-1

[Event "Cto Equipos Aragon 2013 Div. Honor I"]
[Site "Aragon"]
[Date "2013.02.23"]
[Round "5.16"]
[White "Carruez Berges, Santiago"]
[Black "Quintin Navarro, Alberto"]
[Result "0-1"]
[WhiteElo "2119"]
[BlackElo "2220"]
[PlyCount "120"]
[EventDate "2013.??.??"]
[EventType "tourn"]
[EventRounds "7"]
[EventCountry "ESP"]
[WhiteTeam "Agrupacion"]
[BlackTeam "St Casablanca"]

1. e4 c5 2. d4 cxd4 3. c3 d3 4. Bxd3 Nc6 5. Nf3 g6 6. O-O Bg7 7. c4 d6 8. h3
Nf6 9. Nc3 O-O 10. Be3 Nd7 11. Rc1 Nc5 12. Bb1 a5 13. Qd2 a4 14. Nd5 Qa5 15.
Nxe7+ Nxe7 16. Qxd6 Nc6 17. Qxc5 Bxb2 18. Rc2 Bg7 19. Rd1 Re8 20. Rcd2 Be6 21.
Qb5 Qc7 22. c5 Na5 23. Nd4 Bd7 24. Qd3 Bc6 25. Nb5 Bxb5 26. Qxb5 Qc6 27. Qb4
Bf8 28. Bc2 a3 29. Rd5 Qe6 30. Ba4 Nc6 31. Qb3 Qxe4 32. Rd7 Re7 33. Bb5 Qb4 34.
Bc4 Qxb3 35. Bxb3 Na5 36. Rd8 Re8 37. Rxa8 Rxa8 38. Bd5 Rc8 39. Rc1 Bg7 40. Kf1
Nc6 41. Rc4 Rd8 42. Be4 Rd1+ 43. Ke2 Ra1 44. Ra4 Rxa2+ 45. Kf3 h5 46. Bc1 Ra1
47. Be3 Bb2 48. Bd5 Rd1 49. Bb3 Rd3 50. Ba2 Rc3 51. Rf4 Ne5+ 52. Ke2 Bc1 53.
Bxc1 Rxc1 54. Rd4 Rc2+ 55. Rd2 Rxc5 56. Kd1 b5 57. Rd8+ Kg7 58. Rb8 Nd3 59. f3
Nb4 60. Bb3 Rc3 0-1

[Event "Cto Equipos Aragon 2013 Div. Honor II"]
[Site "Aragon"]
[Date "2013.02.23"]
[Round "5.17"]
[White "Forcen Esteban, Daniel"]
[Black "Lana Rodriguez, David"]
[Result "1-0"]
[WhiteElo "2467"]
[BlackElo "2300"]
[PlyCount "67"]
[EventDate "2013.??.??"]
[EventType "tourn"]
[EventRounds "7"]
[EventCountry "ESP"]
[WhiteTeam "Ibercaja"]
[BlackTeam "Helios"]

1. d4 e6 2. Nf3 Nf6 3. e3 c5 4. Bd3 b6 5. O-O Bb7 6. c4 d5 7. cxd5 exd5 8. Ne5
Bd6 9. Bb5+ Nfd7 10. Nxd7 Nxd7 11. dxc5 Bxc5 12. Qg4 Qe7 13. e4 a6 14. Qxg7
O-O-O 15. Bg5 Qf8 16. Qxf8 Rdxf8 17. Bxd7+ Kxd7 18. Rd1 Ke6 19. exd5+ Bxd5 20.
Nc3 Bc6 21. Re1+ Kf5 22. Be7 Rfg8 23. g3 Bd4 24. Rad1 Bxc3 25. bxc3 Rg6 26. Rd4
Rg4 27. f4 Rc8 28. Kf2 Rgg8 29. Re5+ Kg6 30. Rd6+ f6 31. Bxf6 Rge8 32. Bg5+ Kf7
33. Rf6+ Kg7 34. Rxc6 1-0

[Event "Cto Equipos Aragon 2013 Div. Honor II"]
[Site "Aragon"]
[Date "2013.02.23"]
[Round "5.18"]
[White "Cerrajeria Ruiz, Jesus Maria"]
[Black "Baron Rodriguez, Jesus"]
[Result "0-1"]
[WhiteElo "2155"]
[BlackElo "2438"]
[PlyCount "74"]
[EventDate "2013.??.??"]
[EventType "tourn"]
[EventRounds "7"]
[EventCountry "ESP"]
[WhiteTeam "Helios"]
[BlackTeam "Ibercaja"]

1. Nf3 Nf6 2. g3 d5 3. Bg2 c6 4. O-O Bg4 5. Ne5 Bh5 6. c4 e6 7. d4 Nbd7 8. Qb3
Qb6 9. Nxd7 Nxd7 10. Nc3 Be7 11. e4 dxe4 12. Nxe4 O-O 13. Re1 Nf6 14. Bg5 Rfd8
15. Nxf6+ Bxf6 16. Bxf6 gxf6 17. d5 Qxb3 18. axb3 cxd5 19. cxd5 exd5 20. h3 d4
21. f4 f5 22. Re5 d3 23. g4 f6 24. Rxf5 Bf7 25. Rb5 d2 26. Rd1 Rac8 27. Bf3 b6
28. Kf2 Rc2 29. Rb4 Rxb2 30. Ke3 Bxb3 31. Ra1 Re8+ 32. Kd3 Bc2+ 33. Kc3 Rxb4
34. Kxb4 a5+ 35. Kc3 Re1 36. Ra2 d1=Q 37. Bxd1 Bxd1 0-1

[Event "Cto Equipos Aragon 2013 Div. Honor II"]
[Site "Aragon"]
[Date "2013.02.24"]
[Round "5.20"]
[White "Aparicio Navarro, Pedro Jose"]
[Black "Jimenez Fernandez, Alejandro"]
[Result "1/2-1/2"]
[WhiteElo "2175"]
[BlackElo "2011"]
[PlyCount "61"]
[EventDate "2013.??.??"]
[EventType "tourn"]
[EventRounds "7"]
[EventCountry "ESP"]
[WhiteTeam "Helios"]
[BlackTeam "Ibercaja"]

1. Nf3 d5 2. c4 e6 3. b3 Nf6 4. g3 c6 5. Bg2 Bd6 6. Bb2 O-O 7. O-O Nbd7 8. d3
b6 9. Nbd2 Bb7 10. e4 dxe4 11. dxe4 Qc7 12. Re1 Ne5 13. Bxe5 Bxe5 14. Nxe5 Qxe5
15. Nf3 Qc7 16. e5 Nd7 17. Qd6 Qxd6 18. exd6 c5 19. Rad1 Rad8 20. Rd3 Rfe8 21.
Nd2 Bxg2 22. Kxg2 Nb8 23. Ne4 Nc6 24. Nc3 Nd4 25. Nb5 Nxb5 26. cxb5 Rd7 27. f4
Red8 28. Red1 f6 29. Kf3 Kf7 30. Ke4 h5 31. h3 1/2-1/2

[Event "Cto Equipos Aragon 2013 Div. Honor II"]
[Site "Aragon"]
[Date "2013.02.23"]
[Round "5.21"]
[White "Martinez Catalan, Francisco Javier"]
[Black "Antoli Royo, Joaquin Miguel"]
[Result "0-1"]
[WhiteElo "2240"]
[BlackElo "2412"]
[PlyCount "88"]
[EventDate "2013.??.??"]
[EventType "tourn"]
[EventRounds "7"]
[EventCountry "ESP"]
[WhiteTeam "L`Aurora Estadilla"]
[BlackTeam "Jaime Casas"]

1. d4 Nf6 2. c4 c5 3. d5 e6 4. Nc3 exd5 5. cxd5 d6 6. Nf3 g6 7. Bg5 h6 8. Bh4
Bg7 9. e3 a6 10. a4 Qa5 11. Nd2 Qb4 12. Bg3 O-O 13. Ra3 c4 14. Bxc4 Bg4 15. Qb3
a5 16. O-O Rc8 17. Bb5 Nh5 18. Nc4 Nxg3 19. hxg3 Rc7 20. Qa2 Bf5 21. e4 Bg4 22.
f3 Bd7 23. Rc1 Na6 24. Kh2 Qc5 25. Nxa5 Nb4 26. Qb3 Bxb5 27. axb5 Nd3 28. Rc2
Rac8 29. b6 Re7 30. Ra4 Re5 31. g4 Ree8 32. Nc4 Qd4 33. Nb5 Be5+ 34. g3 Bxg3+
35. Kxg3 Qg1+ 36. Rg2 Qe1+ 37. Kh2 Nc5 38. Qe3 Qh4+ 39. Kg1 Nxa4 40. Nbxd6 Nxb2
41. Rxb2 Ra8 42. Nd2 Qg3+ 43. Kf1 Ra1+ 44. Ke2 Re1+ 0-1

[Event "Cto Equipos Aragon 2013 Div. Honor II"]
[Site "Aragon"]
[Date "2013.02.23"]
[Round "5.23"]
[White "Solano Lasierra, Javier"]
[Black "Fontana Sotomayor, Luis Javier"]
[Result "0-1"]
[WhiteElo "2188"]
[BlackElo "2315"]
[PlyCount "124"]
[EventDate "2013.??.??"]
[EventType "tourn"]
[EventRounds "7"]
[EventCountry "ESP"]
[WhiteTeam "L`Aurora Estadilla"]
[BlackTeam "Jaime Casas"]

1. c4 c6 2. g3 d5 3. Bg2 Nf6 4. Nf3 Bf5 5. O-O h6 6. b3 e6 7. Bb2 Nbd7 8. d3
Be7 9. Nbd2 O-O 10. Ne5 Bh7 11. Ndf3 a5 12. a3 Qb8 13. Qc2 Rd8 14. Rfc1 Bd6 15.
Nxd7 Nxd7 16. Qc3 e5 17. d4 e4 18. Ne5 Nxe5 19. dxe5 d4 20. Qxd4 Bxa3 21. Rxa3
Rxd4 22. Bxd4 c5 23. Bc3 Qd8 24. e3 b6 25. Ra2 Ra7 26. Bh3 Qg5 27. Rd1 Bf5 28.
Bg2 Bg4 29. Rd6 Bf3 30. Rxb6 Bxg2 31. Kxg2 Qd8 32. Rd6 Qb8 33. Ra3 Kh7 34. h3
Rb7 35. Rxa5 Rxb3 36. Bd2 Rb1 37. Rxc5 Ra1 38. Bc3 Rc1 39. Bd2 Rc2 40. f3 Qb3
41. Kf2 Rxc4 42. Rxc4 Qxc4 43. Rd4 Qe6 44. Rxe4 Qxh3 45. Rh4 Qf5 46. Re4 h5 47.
Bb4 g5 48. Bd2 Qh3 49. Be1 Qh2+ 50. Kf1 Qh1+ 51. Ke2 Qg2+ 52. Bf2 Qh3 53. Rd4
Qe6 54. f4 g4 55. Rd6 Qc4+ 56. Ke1 Qe4 57. Rd4 Qf3 58. Rd7 Kg6 59. Rd6+ Kg7 60.
e6 Qh1+ 61. Kd2 fxe6 62. Rxe6 Qd5+ 0-1